| 000 | 01161 a2200217 4500 | ||
|---|---|---|---|
| 003 | Nust | ||
| 005 | 20220726121251.0 | ||
| 010 | _a 99045835 | ||
| 020 | _a1580530451 (alk. paper) | ||
| 040 | _cNust | ||
| 082 | 0 | 0 | _a005.8,OPP |
| 100 | 1 |
_aOppliger, Rolf. _959148 |
|
| 245 | 1 | 0 |
_aSecurity technologies for the World Wide Web / _cRolf Oppliger. |
| 260 |
_aBoston, MA : _bArtech House, _cc2000. |
||
| 300 |
_axxi, 419 p.: _bill. ; _c24 cm. |
||
| 440 | 0 |
_aArtech House computer security series _995054 |
|
| 505 | _aIntroduction (Page-1), HTTP user Authentication and Authorization (Page-21, Proxy Servers and Firewalls (Page-41), Cryptographic Techniques (Page-73), Internet Security Protocols (Page-95), SSL and TLS Protocols (Page-131), Electronic payment Systems (Page-171), Managing Certificate (Page-207), Executable Content (Page-241), CGI and API Scripts (Page-273), Mobile Code and Agent Based Systems (Page-289), Copyright Protection (Page-307), Privacy Protection and Anonymit services (Page-321), Censorship on the WWW (Page-353) . | ||
| 650 | 0 |
_aComputer security. _9570 |
|
| 650 | 0 |
_aWorld Wide Web _xSecurity measures. _995171 |
|
| 942 |
_2ddc _cREF |
||
| 999 |
_c175306 _d175306 |
||